000 00579nam a22001817a 4500
005 20251108172529.0
008 250721s9999 xx 000 0 ara d
082 1 4 _a347.08فود
100 1 _aفودة، عبدالحكم
245 1 0 _aطعن بالتزوير في المواد المدنية والجنائية /
264 1 _aالإسكندرية :
_bمنشأة المعارف،
300 _a288 ص
650 1 7 _aالقانون المدني
650 1 7 _aمحاكم الإستئناف
650 1 7 _aالقانون الجنائي
942 _2ddc
_cBK
999 _c81735
_d81735